Associer définition et pays #2 Amériques - Statistiques

Statistiques générales
  • Ce quiz a été pris 407 fois
  • Le résultat moyen est 11 sur 16
Statistiques - réponses
Hint Réponse % Correct
Où le tango est un art le bœuf est délicieux et le débat sur Messi ou Maradona est sans fin. Argentine
87%
Où le football est une religion le carnaval un mode de vie et la plage une raison de vivre. Brésil
87%
Terre de sirop d’érable d’excuses infinies et de t-shirts à manches courtes même par -10°C. Canada
87%
Terre de tacos de sombreros et de piments qui mettent au défi même les plus courageux. Mexique
86%
Pays où tout est grand des voitures aux gobelets de soda en passant par les rêves (et parfois l’égo). États-Unis
85%
Pays du reggae, des plages dorées, du rhum et où la philosophie de Bob Marley résonne au rythme des vagues et des cœurs. Jamaïque
85%
Où le canal est une fierté nationale et les chapeaux panaméens viennent… d’Équateur. Panama
85%
Un pays aussi long qu’un spaghetti avec des vins incroyables des tremblements de terre réguliers et des paysages qui vont du désert aux glaciers. Chili
83%
Où les vieilles voitures américaines roulent encore la salsa résonne partout et le cigare est un art national. Cuba
78%
Où les lamas et les ruines incas vous regardent d’un air mystérieux comme pour dire qu’ils ont vu des choses. Pérou
76%
Archipel de sable blanc et d’eaux turquoise, où les bateaux voguent au ralenti et où les vacances semblent éternelles. Bahamas
72%
Île des montagnes et des tambours vaudou, où les sourires bravent les tempêtes et l'histoire bat au cœur des Caraïbes. Haïti
58%
Terre du café, des couleurs vives et des montagnes, où Gabriel García Márquez a tissé des récits magiques et où la salsa fait danser les âmes. Colombie
52%
Pays des paysages à couper le souffle du pétrole un jour et des files d’attente pour tout le reste le lendemain. Venezuela
48%
Pays des sommets vertigineux, des marchés colorés et où les traditions indigènes côtoient les lacs sacrées. Bolivie
40%
Où le bonheur se mesure au rythme de “Pura Vida”, les forêts tropicales chantent avec les toucans, et les plages rivalisent de beauté. Costa Rica
37%
Aucun quiz correspondant
Distribution des résultats
% des personnes avec chaque résultat
Percentile par nombre de réponses
Votre historique - résultats
Vous n’avez pas pris ce quiz